[Event "Golden Sands Europe op 1st"]
[Site "Golden Sands"]
[Date "2012.06.11"]
[Round "8"]
[White "Panbukchian, Valentin"]
[Black "Atalik, Suat"]
[Result "0-1"]
[WhiteElo "2359"]
[BlackElo "2608"]
[Annotator "Atalik,S"]
[PlyCount "60"]
[EventDate "2012.06.04"]
[EventType "swiss"]
[EventRounds "9"]
[EventCountry "BUL"]
[SourceTitle "CBM 149"]
[Source "ChessBase"]
[SourceDate "2012.07.17"]
[SourceVersion "1"]
[SourceVersionDate "2012.07.17"]
[SourceQuality "1"]

1. f4 {I had not met this for a long time.} c5 {I felt like a Closed Sicilian.}
(1... d5 2. Nf3 Bg4 (2... g6 3. g3 Bg7 4. Bg2 c6 $5 {This is very common.} 5.
O-O (5. c3 Qb6 6. Qb3 Nd7) (5. Nc3 d4 6. Ne4 Nf6 7. Nf2 c5 8. O-O Nc6 $13) (5.
e3 Nh6 6. d3 Qb6 7. Nc3 Nd7 $13) (5. d3 Nh6 6. c3 O-O 7. O-O Qb6+ 8. Kh1 Ng4 9.
d4 Nd7) 5... Qb6+ 6. d4 Nh6 7. c3 Nd7 8. Kh1 Nf6 $13) 3. Ne5 (3. e3 Nd7) 3...
Bf5 {is more like a reverse Dutch.}) 2. Nf3 Nc6 3. g3 g6 4. Bg2 Bg7 5. O-O Nf6
6. d3 O-O 7. e4 (7. c4 $6 d5 8. Nc3 dxc4 9. dxc4 Be6 $17) 7... d6 {This is the
junction point.} 8. Nbd2 $6 {He surprised me with this.} (8. Nc3 Rb8 (8... Bg4
9. h3 Bxf3 10. Qxf3 Nd7 $13) 9. h3 b5 10. a3 a5 11. Be3 Nd7 12. Rb1 b4 13. axb4
axb4 14. Ne2 Ra8 $1 15. b3 Bb7 $13 {is an improved version of Spassky-Geller
encounters.}) (8. h3 b5 9. g4 a5 $1 {is Garry's treatment.}) 8... Rb8 (8... b5
$5 9. a4 (9. e5 Nd5) 9... b4 10. Nc4 Nd7 $13) 9. Re1 b5 10. Nf1 a5 {Just like
Garry Kimovich did in a similar position.} 11. h3 b4 (11... Ne8 {could have
prevented his plan.} 12. g4 b4 13. Ne3 Nc7 $132) 12. c4 $5 (12. g4 Ne8 13. Ne3
Nc7) 12... bxc3 13. bxc3 Ba6 14. Ba3 Nd7 15. Rc1 $2 {This innocent move turns
out to be a bad mistake.} (15. Qd2 Nb6 16. Ne3 Na4 17. d4 cxd4 18. cxd4 Nb4 $36
) 15... Nb4 $1 $19 16. Bxb4 (16. cxb4 axb4 (16... cxb4 17. Bxb4 Rxb4 $17 (17...
axb4 $17)) 17. Bxb4 Rxb4 $17 {This looks significantly better for Black.})
16... axb4 (16... cxb4 $5 17. c4 Bc3 18. Re2 Nc5 $17) 17. e5 $5 {I have seen
this idea, but it did not scare me at all.} (17. c4 Bb7) 17... dxe5 18. fxe5
bxc3 (18... e6 $5 $17 {was safe and efficient.}) 19. Rxc3 $2 ({In any case he
had to go for} 19. e6 Ne5 (19... fxe6 20. Ng5 Bd4+ (20... Rb2 21. Nxe6 Bd4+ 22.
Kh1 Qb8 23. Nxf8 Qxf8 24. Rc2 Ne5 $17) 21. Kh1 Ne5 (21... Rb2 22. Nxe6 {
I was not sure about some fancy sacs} Rff2 $6 ({also unnecessary was} 22...
Rxg2 $2 23. Nxd8 Rg1+ 24. Kh2 Ne5 25. Rxe5 Rfxf1 26. Qxf1 Rxf1 27. Rxf1 Bxe5
28. Ne6 $1 $18) 23. Nxd8 Rxg2 24. Re3 Bxe3 25. Nxe3 Rxg3 26. Nc4 Rxh3+ 27. Kg1
Rg3+ 28. Kf1 Rbg2 $11 {barely draws.}) 22. Nxe6 Qd6 23. Nxf8 Nxd3 $19) 20.
exf7+ Nxf7 $19) 19... Nxe5 $19 20. Ra3 Nxf3+ 21. Bxf3 Bc8 22. Kg2 Be6 23. Ne3
Qd7 24. h4 (24. g4 {should be treated in the same way.} Rfd8 25. Re2 Bb2 $19)
24... Rfd8 25. Re2 {A tricky move} Bb2 $1 (25... c4 $2 26. dxc4 Qxd1 27. Nxd1
Bxc4 28. Rf2 $17) 26. Ra5 Qxd3 (26... Qc7 27. Ra6) 27. Rxc5 $5 {Interesting
but he had a bad follow up.} (27. Qxd3 $142 Rxd3 $19) 27... Qa3 28. Qc2 $4 (28.
Rb5 $3 {was more tenacious.} Be5 $19 (28... Rxd1 29. Rxb8+ Kg7 30. Nxd1 Bd4 31.
Nf2 $17)) 28... Bd4 $19 29. Rc7 $2 ({Even after the best} 29. Rc6 Rb2 30. Nc4
Qxf3+ 31. Kxf3 Bd5+ $19 {he loses because of the skewer.}) 29... Rb2 30. Nc4
Rxc2 (30... Qxf3+ $4 31. Kxf3 Bd5+ 32. Kg4 $11 {does not work!}) ({but the
simple} 30... Rxc2 31. Nxa3 Rxc7 $19 {wins a rook and the game.}) 0-1

[Event "Cappelle op 15th"]
[Site "Cappelle la Grande"]
[Date "1999.02.18"]
[Round "7"]
[White "Welling, Gerard J"]
[Black "Atalik, Suat"]
[Result "1/2-1/2"]
[WhiteElo "2334"]
[BlackElo "2593"]
[Annotator "Atalik,S"]
[PlyCount "58"]
[EventDate "1999.02.13"]
[EventType "swiss"]
[EventRounds "9"]
[EventCountry "FRA"]
[SourceTitle "EXT 2002"]
[Source "ChessBase"]
[SourceDate "2001.11.25"]
[SourceVersion "1"]
[SourceVersionDate "2001.11.25"]
[SourceQuality "1"]

1. e4 c5 2. d3 Nc6 3. g3 d5 4. Nd2 d4 5. f4 e5 6. Ndf3 exf4 (6... Bd6) 7. gxf4
Nf6 (7... g6) 8. Ne2 g6 9. Bg2 Bg7 10. O-O b6 (10... O-O) 11. f5 Ng4 12. Bg5 f6
(12... Qd6 13. f6 Bxf6 14. e5 Ncxe5 (14... Ngxe5 15. Bxf6) (14... Bxe5 15. Nxe5
Ngxe5 16. Bf6 O-O 17. Bxe5) 15. Nxe5 Bxg5 16. Nxg4 Rb8 17. Ng3) 13. Bd2 Nge5
14. Nf4 O-O 15. b3 (15. Bh3) 15... Rb8 16. Qe1 g5 (16... gxf5 17. Nh5) 17. Nxe5
(17. Nd5) 17... Nxe5 18. Nd5 h5 19. h4 g4 20. Qg3 Kh7 21. Nf4 (21. c3) 21...
Bh6 22. Rad1 Bxf4 23. Bxf4 (23. Qxf4 Kg8 24. Qh6 Rb7) 23... Re8 24. a4 Rb7 25.
Ra1 Ree7 26. Kh1 Bd7 27. Rfb1 a5 28. Bd2 Be8 29. Rf1 Bf7 1/2-1/2

[Event "SUI-chT"]
[Site "Switzerland"]
[Date "1998.??.??"]
[Round "?"]
[White "Atlas, Valeri"]
[Black "Kallai, Gabor"]
[Result "1/2-1/2"]
[WhiteElo "2465"]
[BlackElo "2470"]
[Annotator "Atlas,V"]
[PlyCount "53"]
[EventDate "1998.03.29"]
[EventType "team-tourn"]
[EventRounds "9"]
[EventCountry "SUI"]
[SourceTitle "CBM 064"]
[Source "ChessBase"]
[SourceDate "1998.06.02"]
[SourceVersion "1"]
[SourceVersionDate "1998.06.02"]
[SourceQuality "1"]

1. e4 c5 2. Nf3 Nf6 3. Nc3 d5 4. exd5 Nxd5 5. Nxd5 Qxd5 6. d4 cxd4 (6... e6 7.
Be3 cxd4 8. Qxd4 Qxd4 9. Nxd4 a6 10. g3 e5 11. Nb3 Nc6 12. c3 Bg4 13. Bg2 O-O-O
14. O-O Kc7 15. Rfe1 f6 16. Nd2 {1/2-1/2 De Firmian,N-Bastian,H/Baden Baden
1981 (40)}) 7. Qxd4 Qxd4 8. Nxd4 a6 9. f4 $1 (9. Be2 {The most agressive
continuation. Still, after} e5 10. Nb3 Nc6 11. c3 {White retains a minimal
advantage.} Be6 12. Be3 O-O-O 13. O-O Bd6 14. Rfd1 f5 15. f3 Rd7 {Beulen,
M-Bartsch,B/Forli op 1989/1/2-1/2 (61)}) 9... b6 $6 $146 {A dubious novelty.
More chances offers} (9... Bd7 10. Be3 Nc6 11. O-O-O g6 12. Nb3 Bg4 13. Rd2 Rd8
14. h3 Rxd2 15. Bxd2 Bc8 16. Bc3 {1-0 Ostojic,P-Feller,J/Mondorf op 1991 (79)})
10. Be3 (10. Be2 Bb7 11. Bf3 $14 {was a possible alternative. Still, the text
move is the strongest option.}) 10... Bb7 11. Nf3 $1 Nd7 (11... b5 12. a4 $16)
12. Ne5 $1 {[%csl Rb6][%cal Ge5d7,Ge3b6]} Nc5 (12... Nxe5 13. fxe5 {falls
short after} b5 14. a4 b4 15. e6 $1 $16) 13. Bxc5 $5 ({This attractive
exchange, yielding White a lasting initiative is weaker than the initially
intended} 13. Nc4 {. Now after} e6 {the best move is not} 14. Nxb6 Rb8 (14...
Rd8 15. Rd1 $16) 15. Nc4 Bd5 $14 {, but 14.0-0-0! /\Nd6+, with a large
advantage.}) 13... bxc5 14. Bc4 e6 15. O-O-O $1 {[%csl Re6,Re8,Rf7][%cal Gc4f7,
Ge5f7,Gd2d7,Gd7b7,Gd7f7,Gd1d7]} Bxg2 (15... Be7 $5 16. Rd2 $5 {/\Rhd1+/=} (16.
Rd7 Bc8 (16... Bxg2 $2 17. Rg1 Be4 18. Rxg7 Bg6 19. Bxe6 $18) 17. Rc7 f6 (17...
Bd6 18. Rc6 Be7 (18... Bxe5 $2 19. fxe5 Bb7 20. Rxc5 (20. Rc7 Bxg2 21. Rg1 Be4)
20... Bxg2 21. Rg1 Be4 22. Bxa6 $16) 19. f5 f6 20. Nd3 e5 $14) 18. Nc6 Bd6 19.
Rxg7 Bd7 $44)) 16. Rhe1 (16. Rhg1 $6 {is strongly met by} Be4 17. Bb3 Be7 18.
Rxg7 Bg6 19. Nd7 (19. f5 Kf8) 19... Rd8 (19... Bf8 $2 20. Rg8 $1 Rxg8 21. Nf6+
Ke7 22. Nxg8+ Ke8 23. Ba4#) 20. Ba4 Rxd7 21. Rxd7 Kf8 $15 {/\Bf6}) 16... g6 17.
Nxf7 (17. f5 $5 {seems very dangerous, but Black has a defense also in this
case:} Bh6+ (17... gxf5 $2 18. Nxf7 $1 Kxf7 19. Rxe6 $16) 18. Kb1 O-O 19. fxe6
fxe6 20. Bxe6+ Kh8 21. Nf7+ Kg7 22. Rd7 Bf4 $1 $132) 17... Kxf7 18. Rd7+ (18.
Rxe6 $2 Kg7 19. Rd7+ Kh6 20. Re3 {/\Rg3} Kh5 $1 $17) 18... Kf6 19. Bxe6 (19.
Rxe6+ $2 Kf5 $19) 19... g5 $8 (19... Be7 20. Bc4 Rae8 21. Re6+ Kf5 22. Rdxe7
Rxe7 23. Rxe7 Kxf4 24. Bxa6 $16) 20. Rf7+ (20. fxg5+ $2 Kxg5 21. Rg1 Kf6) 20...
Kg6 21. Rg1 Be4 22. Rxg5+ Kh6 23. Rg3 $11 ({Draw by a repetition of moves is
the maximum White can attain. After} 23. Bd5 $2 Bg6 {Black gets advantage:} (
23... Bxd5 $140 $4 24. Rf6#) 24. Rxg6+ Kxg6 25. f5+ Kh5 26. Bf3+ Kh4 27. Bxa8
Bh6+ 28. Kb1 Rxa8 29. Rxh7 Kh5 $17) 23... Bd6 24. Rh3+ Kg6 25. Rg3+ Kh6 26.
Rh3+ Kg6 27. Rg3+ 1/2-1/2

[Event "EU-ch 3rd"]
[Site "Batumi"]
[Date "2002.06.24"]
[Round "12"]
[White "Gelashvili, Tamaz"]
[Black "Fedorov, Alexei"]
[Result "1-0"]
[WhiteElo "2547"]
[BlackElo "2598"]
[Annotator "Atlas,V"]
[PlyCount "89"]
[EventDate "2002.06.12"]
[EventType "swiss"]
[EventRounds "13"]
[EventCountry "GEO"]
[SourceTitle "CBM 090"]
[Source "ChessBase"]
[SourceDate "2002.09.20"]
[SourceVersion "1"]
[SourceVersionDate "2002.09.20"]
[SourceQuality "1"]

1. e4 c5 2. b3 d6 3. Bb2 Nf6 4. Bb5+ Nbd7 5. d3 g6 6. Bxd7+ Bxd7 7. f4 Bg7 8.
Nf3 O-O 9. O-O b5 10. c4 a5 11. a4 bxa4 12. bxa4 Rb8 13. Bc3 Nh5 14. Bxg7 Kxg7
15. Qd2 f5 16. exf5 gxf5 17. Nc3 h6 18. Rae1 Rf7 19. d4 Qc8 20. Nd5 e6 21. Nc3
Nf6 22. d5 exd5 23. Nxd5 Nxd5 24. Qxd5 Qc6 25. Qd3 Kh7 26. Re2 Rg8 27. Rfe1
Rgg7 28. Rd2 Qb7 29. Nh4 Rg4 30. Qh3 Rfg7 31. Nf3 R4g6 32. Qh5 Qb4 33. Rde2
Qxa4 34. h3 Kg8 35. Nh4 Rf6 36. Re7 $1 {White has excellent compesnsation for
the sacrificed material.} Rxe7 37. Rxe7 Qc6 38. Nf3 a4 $2 {A decisive mistake.}
(38... Qb7 {, intending to bring the queen into play, was to be preferred.}) {
[%tqu "En","White's pieces are very active, but his attack needs extra power.
How can White fuel it up?","Try to disclose the enemy king even more.","Bring
your knight into attack!","f3g5","This terrific move yields White an
irresistible attack.",6]} 39. Ng5 $3 {[%csl Rf6,Rg8,Gh5,Rh6,Rh7][%cal Ge7h7,
Gg5h7] A decisive knight thrust, after which White's attack becomes
irresistible! The white knight heads for h7, and Black cannot prevent this.} a3
(39... hxg5 {leads to mate in two:} 40. Qh7+ Kf8 41. Qg7#) 40. Nh7 d5 41. Rxd7
$1 {The strongest continuation, although 41.Nf6+ Qf6 42.Rd7 was winning as
well.} Rg6 42. Qxf5 Qxd7 43. Qxd7 a2 44. Qxd5+ Kxh7 45. Qa8 1-0

[Event "FIDE World Cup"]
[Site "Khanty-Mansiysk"]
[Date "2005.11.28"]
[Round "1.2"]
[White "Stripunsky, Alexander"]
[Black "Areshchenko, Alexander"]
[Result "0-1"]
[WhiteElo "2576"]
[BlackElo "2653"]
[Annotator "Babula,V"]
[PlyCount "66"]
[EventDate "2005.11.27"]
[EventType "k.o."]
[EventRounds "7"]
[EventCountry "RUS"]
[SourceTitle "CBM 111"]
[Source "ChessBase"]
[SourceDate "2006.04.04"]
[SourceVersion "1"]
[SourceVersionDate "2006.04.04"]
[SourceQuality "1"]

1. e4 c5 2. d3 Nc6 3. g3 g6 4. Bg2 Bg7 5. f4 e6 {Black prepares the
development of his knight on e7.} ({Other option is} 5... d6 {and then Ng8-f6.}
) 6. Nf3 Nge7 7. c3 {[%cal Yd3d4] White's further plan is to build the pawn
centre by playing the d3-d4 advance. Black can prevent it only temporarily.}
O-O 8. Be3 (8. d4 $2 cxd4 9. cxd4 Qb6 {[%csl Rd4]}) 8... b6 9. O-O (9. d4 $6
cxd4 10. cxd4 Ba6 {[%csl Re1] עe1}) 9... Ba6 10. Bf2 {White moves his bishop
to the more secure place.} ({After direct} 10. Re1 {Black can play namely} d5
11. e5 d4 {with a tempo and get the counterplay against the d3 pawn.}) {
Soon Black won't be able to prevent the d3-d4 advance anymore so he has to
prepare for it and meet it that way to get an effective counterplay. Usual
Black's reaction is d7-d6 and e6-e5.} 10... Rc8 ({Compared with the line above,
here after} 10... d5 11. e5 d4 {White plays} 12. c4) ({The main alternative to
the text move is} 10... d6 11. Re1 Qd7 $5 {and now White has two options:} 12.
a4 ({or} 12. Na3) ({weaker is} 12. d4 $143 $6 {because of} cxd4 13. cxd4 Nb4 $1
{[%cal Yb4d3]})) 11. Re1 d6 12. Na3 ({Other option is} 12. a4 {, an example of
the further play:} e5 13. Na3 exf4 14. gxf4 d5 15. e5 Bh6 16. Bg3 d4 17. c4 Nf5
18. Nc2 Bb7 $13 {1/2-1/2 Abdul,M-Gadjily,R/Dubai 2000/EXT 2001 (48)}) ({
As in the above example weaker is} 12. d4 $6 cxd4 13. cxd4 Nb4 $1) 12... b5 {
[%cal Yb5b4] The logical reaction.} 13. Nc2 b4 14. cxb4 $5 {A new attempt.} ({
After} 14. d4 {Black opens the both b and c files and gets counterplay on the
queenside} bxc3 15. bxc3 cxd4 16. cxd4 Rb8 17. a3 Qa5 18. h3 Bb5 19. Nb4 Ba4
20. Nxc6 Nxc6 21. Qe2 Rb3 $132 {0-1 Sulistya,M-Shneider,A/Jakarta 1997/EXT
2000 (50)}) 14... cxb4 (14... Bxb2 $2 {is not possible because of} 15. Rb1 Bc3
16. b5 $16) 15. d4 {Now there is only one open file on the queenside what
should be advantageous for White.} d5 16. e5 Qb6 17. Qd2 Rc7 18. Rec1 $6 {
The beginning of the wrong plan.} ({Logical looks} 18. b3 $142 $5 Rfc8 19. g4 {
with active intentions on the kingside.}) 18... Rfc8 19. Be1 $6 {[%csl Rb4]
White continues in his plan, its idea is now apparent, Black's b4 pawn.} Nf5 {
[%csl Rd4]} 20. Kh1 $6 {A miscalculation.} ({Not suitable is also} 20. Nxb4 $6
Ncxd4 21. Kh1 (21. Nxd4 $2 Nxd4 22. Kh1 Ne2 $19 {[%cal Yb6g1]}) 21... Rxc1 22.
Rxc1 Rxc1 23. Qxc1 Nxf3 24. Bxf3 Nd4 25. Bd1 Ne2 26. Bxe2 Bxe2 27. Kg2 $15 {^^}
) ({After} 20. Bf2 $142 $11 {the chances are still equal.}) 20... Ncxd4 $1 {
That's it!} 21. Ncxd4 $2 {White still believes that he is right.} ({Otherwise
he would continue} 21. Nxb4 $142 $15 {with only the slightly worse position,
see the line 20.Nxb4 above.}) 21... Rxc1 22. Rxc1 Rxc1 23. Qxc1 Nxd4 24. Bf2
Qc6 $1 $17 {The point, Black successfully unpins his knight and stays with an
extra pawn.} 25. Qe1 Nxf3 26. Bxf3 Qa4 (26... Qc2 $5) 27. Bxa7 Bf8 28. Bg1 $6 (
28. Qb1 Bc4) ({More resistance White offers after} 28. Bd4 $142 $5 Qxa2 29. Qd1
$17 {, but anyway Black should convert his material superiority.}) 28... Qxa2
29. Bd4 Qc4 30. Qf2 b3 $1 {[%cal Yf8b4]} 31. Kg2 Bb4 $19 {Now Black will
penetrate into White's position.} 32. f5 $6 {Desperation.} gxf5 33. Bd1 Qd3 0-1